Mejoramiento del prototipo de la interfaz digitalizadora para el microscopio electrónico del Centro de Investigación en Estructuras Microscópicas (CIEMIC) de la Universidad de Costa Rica
Guardado en:
| Autor principal: | |
|---|---|
| Otros Autores: | |
| Formato: | Libro |
| Publicado: |
[San José, Costa Rica]
2004
|
| Materias: | |
| Etiquetas: |
Agregar Etiqueta
Sin Etiquetas, Sea el primero en etiquetar este registro!
|
MARC
| LEADER | 00000nam a2200000Ia 4500 | ||
|---|---|---|---|
| 003 | 009313 | ||
| 005 | 20221231144139.0 | ||
| 008 | 140114s2004 cr a m 000 ||s d | ||
| 040 | |c cru CEDI | ||
| 090 | |a TFG 4852 | ||
| 100 | |a Maldonado Herrera, Alexis |9 4075 | ||
| 245 | |a Mejoramiento del prototipo de la interfaz digitalizadora para el microscopio electrónico del Centro de Investigación en Estructuras Microscópicas (CIEMIC) de la Universidad de Costa Rica | ||
| 260 | |c 2004 |a [San José, Costa Rica] | ||
| 300 | |a xv, 149, [46] hojas : ilustraciones | ||
| 500 | |a Tesis (licenciatura en ingeniería eléctrica)--Universidad de Costa Rica. Facultad de Ingeniería. Escuela de Ingeniería Eléctrica | ||
| 650 | |x MICROSCOPIOS ELECTRONICOS |x DISPOSITIVOS PARA COMPUTADORAS |x CIRCUITOS DE INTERFAZ |x INTERFASES GRAFICAS CON EL USUARIO (SISTEMAS PARA COMPUTADORA) |9 6549 | ||
| 700 | |9 6548 |a Ruiz Ugalde, Federico | ||
| 942 | |c TFG | ||
| 999 | |c 17581 |d 17581 | ||
